000 00873nam a2200277 i 4500
003 DO-SdBNP
005 20240620144052.0
007 ta
008 240620b2002 sp ||||| |||| 00| 0 spa d
020 _a8401011892
040 _aDO-SdBNP
_bspa
_cBNPHU
_erda
082 4 _222
100 1 _aSharma, Robin S.,
_eautor
_985719
245 1 3 _aEl monje que vendió su ferrari /
_cRobin S. Sharma ; traducción, Pedro Fontana
250 _a9a. edición
264 _aBarcelona :
_bPlaza Janés,
_c2002.
300 _a209 páginas ;
_c22 cm.
336 _2rdacontent
_atexto
_btxt
337 _2rdamedia
_asin mediación
_bn
338 _2rdacarrier
_avolumen
_bnc
500 _aIncluye datos biográficos del autor en la solapa de la contracubierta
590 _aInventariado, 2024/BT
700 1 _aFontana, Pedro,
_etraductor
_985720
910 _aBtavárez
942 _2ddc
_cLBS1
999 _c56911
_d56911